Jour de la semaine en 15 secondes - Statistiques

Statistiques générales
  • Ce quiz a été pris 290 fois
  • Le résultat moyen est 6 sur 7
Statistiques - réponses
Réponse % Correct
Lundi
99%
Mardi
98%
Jeudi
91%
Mercredi
91%
Vendredi
88%
Samedi
85%
Dimanche
76%
Aucun quiz correspondant
Distribution des résultats
% des personnes avec chaque résultat
Percentile par nombre de réponses
Votre historique - résultats
Vous n’avez pas pris ce quiz